| 000 | 00553nam a22001937a 4500 | ||
|---|---|---|---|
| 005 | 20250304091554.0 | ||
| 008 | 250304b |||||||| |||| 00| 0 eng d | ||
| 020 | _a9789360780197 | ||
| 040 |
_aIN-DiNC _cIN-DiNC |
||
| 041 | _dasm | ||
| 082 |
_a339 _bPRI |
||
| 100 |
_aPriyadarshini, Susmita _eauthor |
||
| 245 |
_aSamastigata arthabigyan parichay (Major2)/ _cby Susmita Priyadarshini |
||
| 250 | _a1st ed. | ||
| 260 |
_aGuwahati: _bAshok publication, _c2024. |
||
| 300 | _a240p. | ||
| 650 | _aIntroductory macroeconomics (Major2) | ||
| 942 |
_2ddc _cBK |
||
| 999 |
_c12138 _d12138 |
||